Normal view
MARC view
- Hassan Ali Agarya
Entry Personal Name
001 - CONTROL NUMBER
- control field: 9190
003 - CONTROL NUMBER IDENTIFIER
- control field: NUST
005 - DATE AND TIME OF LATEST TRANSACTION
- control field: 20180120130401.0
008 - FIXED-LENGTH DATA ELEMENTS
- fixed length control field: 180120|| aca||aabn | a|a d
040 ## - CATALOGING SOURCE
- Original cataloging agency: NUST
- Transcribing agency: NUST
100 ## - HEADING--PERSONAL NAME
- Personal name: Hassan Ali Agarya
670 ## - SOURCE DATA FOUND
- Source citation: Work cat.: (NUST)328327: Hassan Ali Agarya, Nishan-e-Haider, 2016
